Statistiques concernant Les meilleurs buteurs de l'histoire de l'AC Ajaccio

Cliquez ici pour prendre le quiz!

Statistiques générales

  • Ce quiz a été pris 7 fois
  • Le résultat moyen est 2 sur 10

Statistiques - réponses

ButsNationalitéJoueur% Correct
33FranceJohan Cavalli
67%
57FranceRiad Nouri
67%
26FranceGaëtan Courtet
50%
60FranceÉtienne Sansonetti
17%
22République démocratique du CongoChristian Kinkela
0%
33FranceDavid Faderne
0%
60République du CongoFrançois M'Pelé
0%
30FranceJean-Jacques Mandrichi
0%
24BrésilLucas Pereira
0%
27FranceRéginald Dortomb
0%

Distribution des résultats

Percentile par nombre de réponses

% des personnes avec chaque résultat

Votre développement - résultats

Vous n’avez pas pris ce quiz